000 00705nam a22001337a 4500
040 _cRUA
082 _aFIS HOR 2013 B186 Or.1
100 _aHORN, CHANRAKSMEY.
245 _aSeed production of silver carp (HYPOPHTHALMICHTHYS MOLITRIX) in semi-artificial breeding by using suprefact, ការផលិតកូនត្រីកាបសតាមបែបពាក់កណ្ដាលសិប្បនិមិ្មតដោយប្រើប្រាស់អ័រម៉ូនស៊ុបព្រេហ្វិក
260 _aPhnom Penh
_bRUA
_c2013
300 _axi; 29p.
_bill.
_c29cm.
856 _uhttps://drive.google.com/file/d/1z3J_kKKi1CJjVAEBhpN7Gzqz4Qi8fpla/view?usp=sharing
942 _cFIS
999 _c4052
_d4052